Normal view
MARC view
- Oil pollution of water.
Entry Topical Term
001 - CONTROL NUMBER
- control field: 6914
003 - CONTROL NUMBER IDENTIFIER
- control field: NUST
005 - DATE AND TIME OF LATEST TRANSACTION
- control field: 20171204104103.0
008 - FIXED-LENGTH DATA ELEMENTS
- fixed length control field: 171204|| aca||aabn | a|a d
040 ## - CATALOGING SOURCE
- Original cataloging agency: NUST
- Transcribing agency: NUST
150 ## - HEADING--TOPICAL TERM
- Topical term or geographic name entry element: Oil pollution of water.
670 ## - SOURCE DATA FOUND
- Source citation: Work cat.: (NUST)0: Lyman, Warren J. 6913, Mobility and degradation of organic contaminants in subsurface environments /, c1992.
